[Event "TUN-chTB"]
[Site "Hammamet"]
[Date "2019.03.17"]
[Round "8.3"]
[White "Gaamour, Nabil"]
[Black "Zouaoui, Hafedh"]
[Result "0-1"]
[WhiteElo "1910"]
[BlackElo "1987"]
[PlyCount "58"]
[EventDate "2019.02.09"]
[EventType "team-tourn"]
[EventRounds "11"]
[EventCountry "TUN"]
[SourceTitle "EXT 2021"]
[Source "ChessBase"]
[SourceDate "2020.10.23"]
[SourceVersion "1"]
[SourceVersionDate "2020.10.23"]
[SourceQuality "1"]

1. d4 Nf6 2. Nf3 g6 3. g3 d5 4. Bg2 Bg7 5. 0-0 0-0 6. Ne5 c6 7. c3 Nfd7 8. Nd3 e5 9. dxe5 Nxe5 10. Nxe5 Bxe5 11. Bh6 Re8 12. Qd2 Nd7 13. Na3 Nc5 14. Rad1 Bg4 15. f3 Be6 16. Be3 Na4 17. Bf2 Qe7 18. Qc2 Nxc3 19. Rd4 Nxa2 20. Qd2 a5 21. Rh4 Bg7 22. Nc2 c5 23. Ne3 Nb4 24. f4 d4 25. Nd1 Bc4 26. Re1 Rad8 27. g4 Nd5 28. Bxd5 Bxd5 29. Qxa5 Qe6 0-1

[Event "TUN-chTB"]
[Site "Hammamet"]
[Date "2019.02.09"]
[Round "1.1"]
[White "Mnasri, Mustapha"]
[Black "Gaamour, Nabil"]
[Result "0-1"]
[WhiteElo "1618"]
[BlackElo "1910"]
[PlyCount "31"]
[EventDate "2019.02.09"]
[EventType "team-tourn"]
[EventRounds "11"]
[EventCountry "TUN"]
[SourceTitle "EXT 2021"]
[Source "ChessBase"]
[SourceDate "2020.10.23"]
[SourceVersion "1"]
[SourceVersionDate "2020.10.23"]
[SourceQuality "1"]

1. Nf3 Nf6 2. b3 d5 3. Bb2 c5 4. e3 Nc6 5. Bb5 Bg4 6. 0-0 e6 7. h3 Bh5 8. d3 Be7 9. Nbd2 0-0 10. Bxc6 bxc6 11. Qe2 Nd7 12. g4 Bg6 13. Ne5 Nxe5 14. Bxe5 f5 15. f3 Bh4 16. Bg3 0-1